=LDR 00000nam 2200000 4500 =001 INLIS000000000030449 =005 20130612132607 =008 ***********************************Ind** =035 ##$$0010-061300000030449 =041 ##$$a Ind =082 ##$$a 028.5 =090 ##$$a 028.5, Sca h =100 ##$$a Scarry, Richard =245 ##$$a Hari-hari yang indah, Richard Scarry =260 ##$$a 1991 $b Jakarta =300 ##$$a 24 hlm, ilus, 17 cm =650 ##$$a bacaan anak-anak =850 ##$$a NBPNMAT